|
|
|
|
| LEADER |
00000nab a2200000 a 4500 |
| 001 |
vtls000874930 |
| 003 |
SK-MaSNL |
| 005 |
20260302161711.0 |
| 008 |
160322c2004 xo 0 slo |
| 015 |
|
|
|a SNBRB2004/06-17107
|
| 035 |
|
|
|a CLN000226482
|
| 040 |
|
|
|a SNKBUCL
|b slo
|c SNKBUCL
|e AACR2
|
| 041 |
0 |
|
|a slo
|
| 044 |
|
|
|a xo
|c SK
|
| 080 |
|
|
|a 796.332.071
|2 UDC-MRF-SK2
|
| 100 |
1 |
|
|a Tomášik, Miroslav
|4 ain
|9 388991
|
| 245 |
1 |
0 |
|a Domov je len jeden
|b Ľuboš Micheľ pred premiérou na majstrovstvách Európy v Portugalsku
|c Miroslav Tomášik
|
| 300 |
|
|
|b Fotogr.
|
| 600 |
1 |
7 |
|a Micheľ, Ľuboš,
|d 1968-
|2 snkbucl
|9 14154
|
| 655 |
|
7 |
|a články z novín a časopisov
|2 snkbucl
|9 267496
|
| 700 |
1 |
|
|a Micheľ, Ľuboš
|d 1968-
|4 aut
|4 uin
|9 14154
|
| 773 |
0 |
|
|x 0139-7001
|t Šport
|g Roč. 58, č. 128 (4.6.2004), s. 10
|
| 850 |
|
|
|a Slovenská národná knižnica v Martine
|
| 852 |
|
|
|a SNK
|b KIS3GCP
|
| 958 |
|
|
|a BX
|
| 958 |
|
|
|a RBX
|
| 999 |
|
|
|c 1378113
|d 1380043
|